| 000 | 00359nam a22001457a 4500 | ||
|---|---|---|---|
| 003 | SGT | ||
| 082 | _a345.54056,JAI | ||
| 100 | _aJAI, JANAK RAJ | ||
| 245 | _aBAIL LAW AND PROCEDURES, WITH TIPS TO AVOID POLICE HARASSMENT | ||
| 250 | _a6TH | ||
| 260 |
_aNEW DELHI _bUNIVERSAL BOOKS _c2014 |
||
| 300 | _a452 | ||
| 650 | _aPOLICE HARASSMENT | ||
| 942 |
_2ddc _cBK _014 |
||
| 999 |
_c9719 _d9719 |
||